Movies Quiz

Random Movies or Clickable Quiz

3 Roles (1980s Edition) Quiz Stats

 Plays Quiz Updated May 30, 2016

Challenge
Share
Tweet
Embed
Score 0/30 Timer 10:00
2 Plays Today
% Correct
Michael J. Fox
97.5%
Matthew Broderick
94.7%
Chevy Chase
89%
Dan Aykroyd
82.2%
Beverly D'Angelo
77.8%
Bill Murray
75.5%
John Candy
67.9%
Anthony Michael Hall
67.1%
Sean Penn
65.8%
Molly Ringwald
61.7%
Meryl Streep
53.6%
Tom Hanks
53.2%
Corey Feldman
51.7%
Ally Sheedy
49%
Billy Crystal
47.2%
% Correct
Bette Midler
45.8%
Jamie Lee Curtis
44.4%
Charlie Sheen
43.9%
Judge Reinhold
42.9%
Cher
37.4%
Andrew McCarthy
34.8%
Michelle Pfeiffer
33.1%
Sally Field
32.2%
Matt Dillon
31.2%
Emilio Estevez
31%
Steve Martin
30.7%
Corey Haim
30.6%
Rob Lowe
29.4%
Steve Guttenberg
27.8%
Danny DeVito
22.4%

You're not logged in!

Compare scores with friends on all Sporcle quizzes.
OR
Log In

You Might Also Like...

Show Comments

Extras

Top Quizzes Today


Score Distribution

Your Account Isn't Verified!

In order to create a playlist on Sporcle, you need to verify the email address you used during registration. Go to your Sporcle Settings to finish the process.

Report this User

Report this user for behavior that violates our Community Guidelines.

Details: